Entreprises par images n°3 - Statistiques

Statistiques générales
  • Ce quiz a été pris 279 fois
  • Le résultat moyen est 9 sur 12
Statistiques - réponses
Par images Réponse % Correct
Nikon
96%
Bonne Maman
94%
Kentucky Fried Chicken
92%
Haribo
91%
Stabilo
91%
Toyota
89%
Eastpak
88%
Sega
78%
Brita
76%
Supercell
38%
Bandai
14%
Schleich
6%
Aucun quiz correspondant
Distribution des résultats
% des personnes avec chaque résultat
Percentile par nombre de réponses
Votre historique - résultats
Vous n’avez pas pris ce quiz